000 00729nam a2200205Ia 4500
003 GCL
008 140319s9999 xx 000 0 ara d
020 _a7155758977
040 _aGCL /
_cGCL
082 0 4 _a327.53055
_bم د
100 1 _aمحمد حسن العيدروس
245 1 0 _aدراسات فى العلاقات العربية الايرانية /
_cمحمد حسن العيدروس
250 _aالاولى
260 _aالقاهرة :
_bدار الكتاب الحديث ،
_c1999
300 _a240 ص ؛
_c24 سم
650 0 4 _aايران - تاريخ
650 0 4 _aايران - العلاقات الخارجية
650 0 4 _aالعالم العربى - العلاقات الخارجية
942 _2ddc
_cBK
999 _c6133
_d6133